| 000 | 00657nam a2200229 a 4500 | ||
|---|---|---|---|
| 005 | 20140310183512.0 | ||
| 008 | 101005s19uu xx 00 eng d | ||
| 020 | _a0131789724 | ||
| 050 |
_aRC 113 _b.H625 2008 |
||
| 100 | _aHogan, Mary Ann | ||
| 245 |
_aPathophysiology. / _cMary Ann Hogan |
||
| 260 |
_aNew Jersey : _bPearson Education, Inc, _c2008. |
||
| 300 |
_a555 p. : _bill. ; _c25 cm. |
||
| 521 | _aNUR | ||
| 650 | _aPysiology, pathological-outlines, syllabi. | ||
| 650 | _aNursing-Outlines, syllabi. | ||
| 700 | _aeditors: Bower, Marcia | ||
| 700 | _aHill, Karen | ||
| 700 | _aHolm, Kathleen | ||
| 942 |
_cBK _2lcc _kFOR |
||
| 999 |
_c24211 _d24211 |
||